000 00709nam a2200241 i 4500
001 bg
100 1 _aWIT, Maria
245 1 0 _aElementy metod numerycznych :
_bpomoc dydaktyczna /
_cMaria Wit ; Politechnika Krakowska im. Tadeusza Kościuszki.
260 _aKraków :
_bWydawnictwo Politechniki Krakowskiej,
_c2006.
300 _a176 s. :
_bwykr. ;
_c24 cm.
504 _aBibliogr.
650 9 _aAnaliza numeryczna
655 _aPodręczniki akademickie
020 _a8372424101
020 _a9788372424105
040 _cBPK
041 0 _apol
080 _a519.61/.64(075.8)
920 _a83-7242-410-1
920 _a978-83-7242-410-5
942 _cKS
008 s pl f |000 0 pol
999 _c53289
_d53289
856 _uhttp://koha.tu.koszalin.pl/cgi-bin/koha/opac-detail.pl?biblionumber=53289
_yKatalog online BPK